这些大湾区的镇街在哪个市?Where are these towns in the Greater Bay Area? - Statistics

General Stats
  • This quiz has been taken 35 times
  • The average score is 22 of 37
Answer Stats
镇/街道 城市 % Correct
三灶 珠海
82%
沙井 深圳
75%
葵涌 深圳
75%
新塘 广州
75%
长安 东莞
75%
大旺 肇庆
71%
常平 东莞
71%
麻涌 东莞
71%
观澜 深圳
71%
小榄 中山
71%
坦洲 中山
68%
梅沙 深圳
68%
容桂 佛山
64%
崖门 江门
64%
厚街 东莞
64%
礼乐 江门
61%
公明 深圳
61%
大沥 佛山
61%
新造 广州
61%
小金口 惠州
61%
唐家湾 珠海
61%
南庄 佛山
57%
江高 广州
57%
黄阁 广州
57%
南屏 珠海
57%
民众 中山
54%
西南 佛山
54%
迳口 肇庆
46%
平海 惠州
46%
中堂 东莞
46%
三角 中山
46%
古镇 中山
46%
丹灶 佛山
46%
川岛 江门
43%
潼湖 惠州
43%
榄核 广州
43%
金渡 肇庆
36%
No matching quizzes found
Score Distribution
Percent of People with Each Score
Percentile by Number Answered
Your Score History
You have not taken this quiz